Maximo goleador español por temporadas - Estadísticas

Estadísticas generales
  • Esta prueba ha sido intentada 554 veces
  • La puntuación promedio es 17 de 32
Estadísticas de respuestas
Temporada Club Respuesta % Correcto
2021-22 Celta/ Espanyol Iago Aspas/ Raúl De Tomás
98%
2016-17 Celta Iago Aspas
92%
2017-18 Celta Iago Aspas
92%
2018-19 Celta Iago Aspas
92%
1998-99 Real Madrid Raúl
88%
2000-01 Real Madrid Raúl
88%
2002-03 Real Madrid Raúl
88%
2005-06 Valencia Villa
86%
2006-07 Valencia Villa
86%
2008-09 Valencia Villa
86%
2009-10 Valencia Villa
86%
2014-15 Athletic Aduriz
83%
2015-16 Athletic Aduriz
83%
2019-20 Villarreal Gerard Moreno
79%
2020-21 Villarreal Gerard Moreno
79%
2004-05 Atlético de Madrid Fernando Torres
67%
2013-14 Atlético de Madrid Diego Costa
60%
2011-12 Athletic/ Valencia Llorente/ Soldado
51%
2007-08 Mallorca Guiza
48%
2010-11 Sevilla Negredo
41%
2012-13 Sevilla Negredo
41%
1990-91 Real Madrid Butragueño
35%
2001-02 Deportivo de la Coruña Diego Tristán
23%
1999-00 Racing de Santander Salva Ballesta
15%
1997-98 Barcelona Luis Enrique
10%
2003-04 Valencia Mista
10%
1994-95 Tenerife Pizzi
9%
1995-96 Tenerife Pizzi
9%
1996-97 Betis Alfonso
8%
1991-92 Atlético Manolo
7%
1993-94 Oviedo Carlos Muñoz
3%
1992-93 Athletic Ziganda
2%
No se encontraron pruebas coincidentes
Distribución de puntuación
Porcentaje de gente con cada puntuación
Porcentaje por número respondido
Historial de tus puntuaciones
No has intentado esta prueba.